000 00594nam a2200229Ia 4500
003 OSt
005 20220924152841.0
006 a|||||r|||| 00| 0
007 ta
008 220923b |||||||| |||| 00| 0 ara d
024 _a345196
037 _cTextual
040 _aARTS
_cARTS
_bara
041 _2ara
_aara
082 _aV467, 28F9.1-.7
100 _aJamaluddin Au.
245 0 _aAl-jazai al-saba min al najoom al zahirah
260 _c1929
650 _aIRAQ - HISTORY
942 _hV467, 28F9.1-.7
_cTEXL
_2CC
999 _c471266
_d471266